000 00424nam a2200181Ia 4500
001 4689
005 20260306145814.0
008 260306t1992||||xx |||||||||||||| ||spa||
041 _aESP
082 _a330
_bR71I
100 _aRobinson, Joan
_eAUT
245 0 _aIntroducción a la economía moderna
260 _c1992
300 _a400 páginas :
_c23 cm.
650 _aGEN
654 _aCAN
942 _cLIB
_dJUS
_fJUS
_2ddc
_n
999 _c4689
_d4689